| 000 | 00869cam a2200289 i 4500 | ||
|---|---|---|---|
| 001 | 15156 | ||
| 003 | BD-RjUL | ||
| 005 | 20211208235747.0 | ||
| 008 | 140209s1977 nyua b 001 0 eng | ||
| 020 | _a007045678X | ||
| 035 | _a(BD-RjUL)15210 | ||
| 040 |
_aDLC _cDLC _dBD-RjUL _beng |
||
| 041 | _aeng | ||
| 082 | 0 | 0 |
_a658.401 _219 _bMCP 1977 |
| 100 | 1 |
_aMcNichols, Thomas J. _946233 |
|
| 245 | 1 | 0 |
_aPolicy-making and executive action / _cThomas J. McNichols. |
| 250 | _a5th ed. | ||
| 260 |
_aNew York : _bMcGraw-Hill, _cc1977. |
||
| 300 |
_axv, 928 p. : _bill. ; _c24 cm. |
||
| 490 | 0 | _aMcGraw-Hill series in management | |
| 504 | _aIncludes bibliographical references and index. | ||
| 650 | 0 |
_aIndustrial management. _947158 |
|
| 650 | 0 |
_aIndustrial management _xCase studies. _946234 |
|
| 942 |
_2ddc _cBK |
||
| 999 |
_c15156 _d15156 |
||